ՀՀ Գիտությունների ազգային ակադեմիայի հիմնարար գիտական գրադարան  =   Fundamental Scientific Library of NAS RA

Избранные стихи / (Record no. 418061)

MARC details
000 -LEADER
fixed length control field 01371nam a22002532i 4500
003 - CONTROL NUMBER IDENTIFIER
control field AM-YeHGA
005 - DATE AND TIME OF LATEST TRANSACTION
control field 20250617154717.0
008 - FIXED-LENGTH DATA ELEMENTS--GENERAL INFORMATION
fixed length control field 180829s1948 ru |||||r|||||000|1|rus||
040 ## - CATALOGING SOURCE
Original cataloging agency AM-YeHGA
041 1# - LANGUAGE CODE
Language code of text/sound track or separate title rus
Language code of original tuk
090 ## - LOCALLY ASSIGNED LC-TYPE CALL NUMBER (OCLC); LOCAL CALL NUMBER (RLIN)
-- 420440
100 0# - MAIN ENTRY--PERSONAL NAME
Personal name Махтумкули
245 00 - TITLE STATEMENT
Title Избранные стихи /
Statement of responsibility, etc. Махтум-Кули (Фраги) ; Пер. с туркм. [А. Тарковского, и др.] ; Под ред. А. Дейча ; Предисл. Е. Бертельса ["Махтум-Кули", с. 5-10] ; [Коммент. Л. Климович].
260 ## - PUBLICATION, DISTRIBUTION, ETC.
Place of publication, distribution, etc. Москва :
Name of publisher, distributor, etc. Госполитиздат,
Date of publication, distribution, etc. 1948
300 ## - PHYSICAL DESCRIPTION
Extent 376 с. ;
Dimensions 21 см.
505 2# - FORMATTED CONTENTS NOTE
Formatted contents note Разделы: Книга Фраги ; Книга Менгли ; Книга мира ; Книга Родины
600 04 - SUBJECT ADDED ENTRY--PERSONAL NAME
Personal name Махтумкули
650 14 - SUBJECT ADDED ENTRY--TOPICAL TERM
Topical term or geographic name entry element Художественная литература
General subdivision Махтумкули, 18 в. - Творчество
700 1# - ADDED ENTRY--PERSONAL NAME
Personal name Тарковский, Арсений Александрович
Dates associated with a name 1907-1989
Relator term пер.
Relationship trl
700 1# - ADDED ENTRY--PERSONAL NAME
Personal name Дейч, Александр Иосифович
Dates associated with a name 1893-1972
Relator term ред.
Relationship edt
700 1# - ADDED ENTRY--PERSONAL NAME
Personal name Бертельс, Евгений Эдуардович
Dates associated with a name 1890-1957
Relator term авт., предисл.
Relationship aut
-- aui
700 1# - ADDED ENTRY--PERSONAL NAME
Personal name Климович, Люциан Ипполитович
Dates associated with a name 1907-1989
942 ## - ADDED ENTRY ELEMENTS (KOHA)
Source of classification or shelving scheme Universal Decimal Classification
Koha item type Գրքեր / Books
Holdings
Withdrawn status Lost status Source of classification or shelving scheme Damaged status Not for loan Collection Home library Current library Date acquired Total checkouts Full call number Barcode Date last seen Price effective from Koha item type Public note
    Universal Decimal Classification     General Fundamental Scientific Library Fundamental Scientific Library 03/12/2018   РД II/25968 FL0533194 03/12/2018 03/12/2018 Գրքեր / Books 30 Days Loan


ՀՀ ԳԱԱ հիմնարար գիտական գրադարան
ՀՀ,Երևան 0019
Մարշալ Բաղրամյան 24/6
հեռախոս:(374-10) 52-47-50
Հետադարձ կապ

All site content, except where otherwise noted, is licensed under a
Creative Commons License